Statistics for Every iPhone Ever

Click here to take the quiz!

General Stats

  • This quiz has been taken 35 times
  • The average score is 17 of 24

Answer Stats

YearPhone% Correct
2007iPhone
100%
2010iPhone 4
100%
2012iPhone 5
96%
2014iPhone 6
96%
2016iPhone 7
92%
2017iPhone X
92%
2017iPhone 8
92%
2011iPhone 4S
81%
2013iPhone 5s
81%
2015iPhone 6s
81%
2019iPhone 11
77%
2018iPhone XR
73%
2018iPhone XS
69%
2008iPhone 3G
58%
2013iPhone 5c
58%
2009iPhone 3GS
58%
2016iPhone 7 Plus
54%
2017iPhone 8 Plus
54%
2014iPhone 6 Plus
54%
2016iPhone SE
46%
2019iPhone 11 Pro
38%
2015iPhone 6s Plus
38%
2018iPhone XS Max
31%
2019iPhone 11 Pro Max
31%

Score Distribution

Percentile by Number Answered

Percent of People with Each Score

Your Score History

You have not taken this quiz